00594nam a2200193Ia 4500003000900000008004100009020001800050040001600068080002100084100002000105245011900125260003500244300001400279650001400293650004100307650001700348700001500365700002000380IN-BaIIA211028s9999 xx 000 0 eng d a0-8243-0926-X cIIA Library a047.1:52bARA-26 aBurbidge, G. R. 0aAnnual review of astronomy and astrophysicsbvol. 26c G. R. Burbidge  aPal AltobAnnual Reviewsc1988 avi, 703p. aAstronomy aAstronomy and Astrophysics Thesaurus aAstrophysics aLayzer, D. aPhillips, J. G.